[Event "IND-ch U17 Girls 20th"]
[Site "Chakradharpur"]
[Date "2009.10.13"]
[Round "10"]
[White "Sunyasakta, Satpathy"]
[Black "Kumari, Rama"]
[Result "1-0"]
[WhiteElo "1780"]
[BlackElo "1944"]
[PlyCount "81"]
[EventDate "2009.10.07"]
[EventType "swiss"]
[EventRounds "11"]
[EventCountry "IND"]
[SourceTitle "CBM 132 Extra"]
[Source "ChessBase"]
[SourceDate "2009.11.03"]
[SourceVersion "1"]
[SourceVersionDate "2009.11.03"]
[SourceQuality "1"]

1. e4 c5 2. d4 cxd4 3. c3 dxc3 4. Nxc3 e6 5. Nf3 a6 6. Bc4 b5 7. Bb3 Bb7 8. Qe2 Nc6 9. 0-0 d6 10. Rd1 Qc7 11. Bf4 Nf6 12. Rac1 Rd8 13. Rd2 Be7 14. a4 b4 15. Nd5 Qb8 16. Nxf6+ Bxf6 17. Bc4 e5 18. Bg5 Nd4 19. Nxd4 Bxg5 20. Qh5 0-0 21. Qxg5 exd4 22. Rxd4 Rde8 23. Qf4 Re5 24. Rcd1 Qc7 25. b3 Rfe8 26. f3 d5 27. exd5 Qd6 28. Re4 f6 29. Rxe5 Rxe5 30. Qd4 g5 31. a5 Re7 32. Qb6 Rd7 33. Re1 Bxd5 34. Qxd6 Rxd6 35. Rd1 Bxc4 36. Rxd6 Bxb3 37. Rxa6 Bc4 38. Rb6 b3 39. a6 Bd5 40. a7 Kf7 41. Rxb3 1-0

[Event "IND-ch U17 Girls 20th"]
[Site "Chakradharpur"]
[Date "2009.10.12"]
[Round "9"]
[White "Kumari, Rama"]
[Black "Devangi, Patankar"]
[Result "0-1"]
[WhiteElo "1944"]
[BlackElo "2162"]
[PlyCount "92"]
[EventDate "2009.10.07"]
[EventType "swiss"]
[EventRounds "11"]
[EventCountry "IND"]
[SourceTitle "CBM 132 Extra"]
[Source "ChessBase"]
[SourceDate "2009.11.03"]
[SourceVersion "1"]
[SourceVersionDate "2009.11.03"]
[SourceQuality "1"]

1. e4 c5 2. Nf3 d6 3. d4 cxd4 4. Nxd4 Nf6 5. Nc3 a6 6. Bg5 e6 7. f4 Be7 8. Qf3 Nbd7 9. 0-0-0 Qc7 10. g4 b5 11. Bxf6 gxf6 12. Rg1 Bb7 13. Bd3 b4 14. Nce2 h6 15. Kb1 Nc5 16. Nb3 Nxd3 17. Qxd3 Rc8 18. h4 d5 19. exd5 Bxd5 20. g5 Qc4 21. Qxc4 Bxc4 22. Ned4 hxg5 23. hxg5 fxg5 24. fxg5 Rg8 25. Nd2 Rxg5 26. Rxg5 Bxg5 27. Ne4 Be7 28. Rg1 Bd5 29. Rg8+ Kd7 30. Rxc8 Kxc8 31. Nd2 Bg5 32. N4f3 Bf6 33. Nh2 e5 34. Ng4 Bg7 35. Ne3 Be6 36. Ne4 Bh6 37. Nd6+ Kd7 38. Ndf5 Bxf5 39. Nxf5 Bf4 40. c3 bxc3 41. bxc3 Ke6 42. Nh4 e4 43. Kc2 f5 44. c4 Bg5 45. Ng2 f4 46. Nxf4+ Bxf4 0-1

[Event "IND-ch U17 Girls 20th"]
[Site "Chakradharpur"]
[Date "2009.10.12"]
[Round "8"]
[White "Kumari, Rama"]
[Black "Mohana, Priya J"]
[Result "1/2-1/2"]
[WhiteElo "1944"]
[BlackElo "2037"]
[PlyCount "42"]
[EventDate "2009.10.07"]
[EventType "swiss"]
[EventRounds "11"]
[EventCountry "IND"]
[SourceTitle "CBM 132 Extra"]
[Source "ChessBase"]
[SourceDate "2009.11.03"]
[SourceVersion "1"]
[SourceVersionDate "2009.11.03"]
[SourceQuality "1"]

1. e4 e5 2. Nf3 Nc6 3. Bb5 f5 4. Nc3 fxe4 5. Nxe4 Nf6 6. Nxf6+ Qxf6 7. Qe2 Be7 8. 0-0 0-0 9. Bxc6 dxc6 10. Nxe5 Bd6 11. d4 c5 12. c3 cxd4 13. cxd4 c5 14. Be3 Be6 15. f4 Rfe8 16. Qf3 Rac8 17. Rad1 Bxa2 18. dxc5 Bxe5 19. fxe5 Qxf3 20. Rxf3 Rxe5 21. Rd7 Rce8 1/2-1/2